Teaching study skills (Record no. 35277)

MARC details
000 -LEADER
fixed length control field 00440nam a2200181Ia 4500
020 ## - INTERNATIONAL STANDARD BOOK NUMBER
ISBN 0- 205- 08984- 4
050 ## - CALL MARK
Classification number LB1049.D48
100 ## - STATEMENT OF RESPONSIBILITY--MAIN AUTHOR NAME
Personal name Thomas G. Devine
245 #0 - TITLE STATEMENT
Title Teaching study skills
250 ## - EDITION / VOLUME STATEMENT
Edition / Volume statement 2nd
260 ## - PUBLICATION, DISTRIBUTION, ETC. (IMPRINT)
Name of publisher Allyn and Bacon
260 ## - PUBLICATION, DISTRIBUTION, ETC. (IMPRINT)
Year of publication 1987
300 ## - PHYSICAL DESCRIPTION
Number of Pages 359 p
650 ## - SUBJECT ADDED ENTRY--TOPICAL TERM
Topical Term Study, method of- handbooks, manuals, etc
942 ## - ADDED ENTRY ELEMENTS (KOHA)
Koha item type Books
Holdings
Withdrawn status Lost status Source of classification or shelving scheme Damaged status Not for loan Permanent Location Current Location Date acquired Accession Number Price effective from Koha item type
    Library of Congress Classification     NILE UNIVERSITY OF NIGERIA - MAIN LIBRARY NILE UNIVERSITY OF NIGERIA - MAIN LIBRARY 04/23/2025 0005036 04/23/2025 Books